Your yoga business: Tools and techniques for success (Record no. 396222)

MARC details
000 -LEADER
fixed length control field 00551 a2200205 4500
005 - DATE & TIME
control field 20260313120912.0
008 - FIXED-LENGTH DATA ELEMENTS--GENERAL INFORMATION
fixed length control field 260312b |||||||| |||| 00| 0 eng d
020 ## - ISBN
International Standard Book Number 9781718207905
Price $ 39.95
040 ## - CATALOGING SOURCE
Original cataloging agency VIVEKANANDA LIBRARY
082 ## - DDC NUMBER
Classification number 658.8
Book Number T215Y
100 ## - MAIN ENTRY--PERSONAL NAME
Personal name Taylor, Ava
245 ## - TITLE STATEMENT
Title Your yoga business: Tools and techniques for success
260 ## - PUBLICATION, DISTRIBUTION, ETC. (IMPRINT)
Name of publisher, distributor, etc ‎ Human Kinetics
Date of publication, distribution, etc 2024
Place of publication, distribution, etc Champaign
300 ## - PHYSICAL DESCRIPTION
Pages xiv, 239
650 ## - Subject
Subject Management
650 ## - Subject
Subject General Management
650 ## - Subject
Subject Marketing
650 ## - Subject
Subject Business Development
942 ## - ADDED ENTRY ELEMENTS (KOHA)
Koha item type Books
Holdings
Withdrawn status Lost status Source of classification or shelving scheme Damaged status Not for loan Location (home branch) Sublocation or collection (holding branch) Shelving location Date acquired Koha issues (times borrowed) Koha full call number Accession No. Koha date last seen Koha item type
    Dewey Decimal Classification     VIVEKANANDA LIBRARY VIVEKANANDA LIBRARY IMSAR Library 17/02/2026   658.8 T215Y 438298 17/02/2026 Books
© Designed and Maintained by Vivekananda Library, MDU Rohtak